00948nam a2200241 a 450000100100000000500170001000800410002704000250006808200180009310000390011124500850015026000310023530000200026649000250028665000290031165000310034070000330037183000320040404900150043695201160045195201220056799900170068900002134920200930011315.0100906s1970 sp r 000 p spa d aDO-SdBNPbspacBNPHU a861.64bG958a1 aGuillén, Jorged1893-198491198210aAntología /cJorge Guillén; selección y prólogo de José Manuel Blecua. aSalamanca :bANAYA,c1970. a150 p ;c17 cm. aBiblioteca ANAYAv34 4aPoesía española9631 4aLiteratura española96321 aBlecua, José Manuel915074 0aBiblioteca ANAYAn34944586 aEn proceso 001050718MOaGRbGRcHDd2010-09-06iLF1l0o861.64 G958ap21349-10r2020-06-25w2020-06-25y1ZNo se presta 001150718MOaGRbGRcMId2017-04-24iLF1l0o861.64 G958ap21349-20r2020-06-25te. 2w2020-06-25y1ZNo se presta c20849d20849